00224 a2200109 4500001000700000020000600007040001100013100003000024240002800054245002300082362000900105169588 a  cMagnum aEdim, Sheila Denyse Jamel10aUma menina... belalpor10aUma menina... bela0 a1899